Statistics for Overlapping Song Titles

Click here to take the quiz!

General Stats

  • This quiz has been taken 43 times
  • The average score is 19 of 25

Answer Stats

Mashed Song Titles% Correct
Blowin' in the {Wind} Beneath My Wings
100%
I Believe I Can {Fly} Me to the Moon
100%
Fortunate {Son} of a Preacher Man
93%
Heartbreak {Hotel} California
93%
Macho {Man} in the Mirror
93%
Un-Break My {Heart} of Glass
90%
Under the {Bridge} Over Troubled Water
90%
Bad Bad Leroy {Brown} Eyed Girl
88%
It's My {Party} Like It's 1999
85%
Brick {House} of the Rising Sun
83%
This Diamond {Ring} of Fire
83%
Baby Elephant {Walk} This Way
80%
Crocodile {Rock} the Casbah
80%
Radar {Love} Shack
80%
Three Times a {Lady} Madonna
78%
Do You Want to Know a {Secret} Agent Man
73%
Bette Davis {Eyes} Without a Face
71%
Midnight Train to {Georgia} On My MInd
71%
You've Made Me So Very {Happy} Together
68%
Blue {Moon} River
66%
Cheeseburger in {Paradise} by the Dashboard Light
61%
Do You Believe in {Magic} Man
59%
He's a {Rebel} Yell
59%
Tuesday {Afternoon} Delight
51%
Earth {Angel} of the Morning
41%

Score Distribution

Percentile by Number Answered

Percent of People with Each Score

Your Score History

You have not taken this quiz